[Event "SUI-ch op2"]
[Site "Luzern"]
[Date "1994.07.20"]
[Round "5"]
[White "Thuner, Stefan"]
[Black "Roethlisberger, Walter"]
[Result "1-0"]
[WhiteElo "1668"]
[BlackElo "1784"]
[PlyCount "67"]
[EventDate "1994.07.16"]
[EventType "swiss"]
[EventRounds "7"]
[EventCountry "SUI"]
[SourceTitle "EXT 1999"]
[Source "ChessBase"]
[SourceDate "1998.11.16"]
[SourceVersion "1"]
[SourceVersionDate "1998.11.16"]
[SourceQuality "1"]

1. e4 e6 2. d4 d5 3. Nc3 Nf6 4. e5 Nfd7 5. f4 c5 6. Nf3 Nc6 7. Be3 cxd4 8. Nxd4 Nxd4 9. Bxd4 a6 10. Be2 Bc5 11. Bxc5 Nxc5 12. Qd4 Qb6 13. 0-0-0 0-0 14. f5 exf5 15. Nxd5 Qh6+ 16. Kb1 Ne6 17. Ne7+ Kh8 18. Qd6 g6 19. Bf3 Qg7 20. h4 Re8 21. Nxc8 Raxc8 22. Bxb7 Rb8 23. Bxa6 Red8 24. Qe7 Rxb2+ 25. Kxb2 Qxe5+ 26. c3 Rb8+ 27. Bb7 Kg7 28. Rd7 Qb5+ 29. Ka1 Nd8 30. Rxd8 Rxd8 31. Qxd8 Qxb7 32. Qd4+ Kh6 33. Qd2+ Kg7 34. h5 1-0